<?xml version="1.0" encoding="UTF-8"?>
<collection xmlns="http://www.loc.gov/MARC21/slim">
 <record>
  <leader>01324nam a22002177a 4500</leader>
  <controlfield tag="001">NCT_92894</controlfield>
  <controlfield tag="008">211125b        xxu||||| |||| 00| 0 vie d</controlfield>
  <datafield tag="999" ind1=" " ind2=" ">
   <subfield code="c">4595</subfield>
   <subfield code="d">4595</subfield>
  </datafield>
  <datafield tag="020" ind1=" " ind2=" ">
   <subfield code="a">9786047330423</subfield>
   <subfield code="c">32000</subfield>
  </datafield>
  <datafield tag="082" ind1="0" ind2="4">
   <subfield code="2">23rd ed.</subfield>
   <subfield code="a">006.76</subfield>
   <subfield code="b">Th502</subfield>
  </datafield>
  <datafield tag="100" ind1="1" ind2=" ">
   <subfield code="a">Nguyễn Đình Thuân</subfield>
  </datafield>
  <datafield tag="245" ind1="1" ind2="0">
   <subfield code="a">Giáo trình phát triển ứng dụng web</subfield>
   <subfield code="c">Nguyễn Đình Thuân, Mai Xuân Hùng</subfield>
  </datafield>
  <datafield tag="260" ind1=" " ind2=" ">
   <subfield code="a">Tp. Hồ Chí Minh</subfield>
   <subfield code="b">Đại học Quốc gia Tp. Hồ Chí Minh</subfield>
   <subfield code="c">2015</subfield>
  </datafield>
  <datafield tag="300" ind1=" " ind2=" ">
   <subfield code="a">313 tr.</subfield>
   <subfield code="b">Minh họa</subfield>
   <subfield code="c">21cm</subfield>
  </datafield>
  <datafield tag="500" ind1=" " ind2=" ">
   <subfield code="a">ĐTTS ghi: Đại học Quốc gia Thành phố Hồ Chí Minh. Trường đại học Công nghệ Thông tin</subfield>
  </datafield>
  <datafield tag="520" ind1=" " ind2=" ">
   <subfield code="a">Giới thiệu tổng quan về web; Ngôn ngữ lập trình web tĩnh HTML, CSS; Lập trình web tĩnh với JavaScript và JQuery; Lập trình web động với PHP; PHP với hệ quản trị cơ sở dữ liệu MySQL; Kĩ thuật lập trình Ajax; MVC và Framework Codeigniter.</subfield>
  </datafield>
  <datafield tag="653" ind1=" " ind2=" ">
   <subfield code="a">Công nghệ thông tin</subfield>
  </datafield>
  <datafield tag="700" ind1="1" ind2=" ">
   <subfield code="a">Mai Xuân Hùng</subfield>
  </datafield>
  <datafield tag="942" ind1=" " ind2=" ">
   <subfield code="2">ddc</subfield>
   <subfield code="c">BK</subfield>
  </datafield>
  <datafield tag="952" ind1=" " ind2=" ">
   <subfield code="0">0</subfield>
   <subfield code="1">0</subfield>
   <subfield code="2">ddc</subfield>
   <subfield code="4">0</subfield>
   <subfield code="6">006_760000000000000_TH502</subfield>
   <subfield code="7">0</subfield>
   <subfield code="9">21707</subfield>
   <subfield code="a">000001</subfield>
   <subfield code="b">000001</subfield>
   <subfield code="d">2021-11-25</subfield>
   <subfield code="o">006.76 Th502</subfield>
   <subfield code="p">MD.19082</subfield>
   <subfield code="r">2021-11-25</subfield>
   <subfield code="v">32000.00</subfield>
   <subfield code="w">2021-11-25</subfield>
   <subfield code="y">BK</subfield>
  </datafield>
  <datafield tag="980" ind1=" " ind2=" ">
   <subfield code="a">Thư viện Trường Đại học Nam Cần Thơ</subfield>
  </datafield>
 </record>
</collection>
